01488nam a2200301 a 4500001001000000005001700010008004100027041000800068044000800076084002000084100004500104245011000149260002900259300001700288500017000305500023900475500008200714500001000796546002400806650005200830650005600882650003400938650004500972700004901017700003401066700003601100740005001136BRCA_322220190320204154.0040309s1771----enk#---###---#000-0#eng-# aeng aenk a523b.C69c17711 aCervantes Saavedra, Miguel ded1547-161610aThe History of the Renowned Don Quixote de la ManchacWritten in Spanish by Miguel de Cervantes Saavedra. aLondresbW. Cowperc1771 a4 v.c17 cm. aContenido : v.1. Primera parte. Noticia biógrafica sobre el autor. Prólogo de Cervantes. -- v.2. Texto. -- v.3. Segunda parte. Prólogo del autor. -- v.4. Texto aEdición : Translated by Several Hands and Published by the Late Mr. Motteux. Revised a new from the Best Spanish Edition by Ozell with Explanatory Notes from Jarvis, Oudin, Pineda, Gregorio and the Royal Academy Dictionary of Madrid aEjemplar similar al anterior [522], pero sin láminas. Piel Lúdovik Osterc aQM418 aTexto en : inglés14aNovela españolayÉpoca clásica, 1500-170014aLiteratura españolayÉpoca clásica, 1500-170014aNovela españolaySiglo XVII14aDon Quijote (Personaje ficticio)eNovela1 aMotteux, Peter Anthonyd1663-1718eTraductor1 aOzell, Johnd?-1743eAnotador1 aOudin, Cesard?-1625eTraductor0 aEl Ingenioso Hidalgo Don Quijote de la Mancha